000 01340nam0a2200361 4500
001 RU\NLR\BIBL_A\022076753
005 20231206171135.0
010 _a978-5-389-13277-1
_920000
021 _aRU
_bКН-П-23-066131
_9КН-П-23-6734
035 _a(NLR Aleph) 022076753
035 _a(RuMoRGB)012230690
090 _a12676925
_c12676925
100 _a20231117d2023 u y0rusy50 ca
101 1 _arus
_cger
102 _aRU
105 _ay z 000yy
181 0 _ai4
_baxxe
182 1 _an
200 1 _aВведение в психоанализ
_e[лекции]
_fЗигмунд Фрейд
_gперевод с немецкого Галины Барышниковой
203 _aТекст
_bвизуальный
_cнепосредственный
210 _aСанкт-Петербург
_cАзбука
_cАзбука-Аттикус
_d2023
215 _a446 с.
_d21
225 1 _aМировая классика
320 _aБиблиогр.: с. 437-444
333 _a16+
606 1 _aПсихоанализ
_yАвстрия
_92241882
_3RU\NLR\AUTH\661345210
686 1 _aЮ91(4А)6-736
686 1 _aЮ937-953.6
700 1 _7ca
_8rus
_aФрейд
_bЗ.
_f1856-1939
_gЗигмунд
_9112631
_3RU\NLR\AUTH\772621
942 _cBOOK
980 _aNB